书目信息 |
| 题名: |
大荒羁旅:留在北大荒的知青
|
|
| 作者: | 朱晓军 著 | |
| 分册: | ||
| 出版信息: | 天津 百花文艺出版社 2001.01 |
|
| 页数: | 352页 | |
| 开本: | 20cm | |
| 丛书名: | ||
| 单 册: | ||
| 中图分类: | I25 | |
| 科图分类: | ||
| 主题词: | 报告文学--中国 , 传记文学--中国 | |
| 电子资源: | ||
| ISBN: | 7-5306-3118-7 | |
| 000 | 00598nam0 2200205 45 | |
| 001 | 0363580854 | |
| 005 | 2003060217394059 | |
| 010 | @a7-5306-3118-7@dRMB 18.00 | |
| 100 | @a20030602d2001 km y0chiy0120 ea | |
| 101 | 0 | @achi |
| 102 | @aCN@b120000 | |
| 200 | 1 | @a大荒羁旅:留在北大荒的知青@Ada huang ji lu:liu zai bei da huang de zhi qing@f朱晓军著@FZhu Xiao Jun Zhu |
| 210 | @a天津@c百花文艺出版社@d2001.01 | |
| 215 | @a352页@d20cm | |
| 606 | 0 | @a报告文学@x中国 |
| 606 | 0 | @a传记文学@x中国 |
| 690 | @aI25@v4 | |
| 701 | 0 | @a朱晓军@AZhu Xiao Jun@4著 |
| 801 | 0 | @aCN@bPFT@c20030602 |
| 905 | @dI25@eZ882 | |
| 大荒羁旅:留在北大荒的知青/朱晓军著.-天津:百花文艺出版社,2001.01 |
| 352页;20cm |
| ISBN 7-5306-3118-7:RMB 18.00 |
| ● |
| 相关链接 |
|
|
|
正题名:大荒羁旅:留在北大荒的知青
索取号:I25/Z882
 
预约/预借
| 序号 | 登录号 | 条形码 | 馆藏地/架位号 | 状态 | 备注 |
| 1 | 368951 | 203689516 | 社科二线400B/400B社科库 24排1列1层/ [索取号:I25/Z882] | 在馆 | |
| 2 | 368952 | 203689525 | 文学库108/108文学库 66排6列1层/ [索取号:I25/Z882] | 在馆 | |
| 3 | 368953 | 203689534 | 社科二线400B/400B社科库 24排1列1层/ [索取号:I25/Z882] | 在馆 | |
| 4 | 368954 | 203689543 | 文学库108/108文学库 66排6列1层/ [索取号:I25/Z882] | 在馆 |